LEADER 01918nam a2200433 a 4500 001 000000124463 003 CaOOAMICUS 005 20110301152602.0 008 110301s2002 it u000 u ita r 020 $a88-16-40225-3 040 $aPUL$bita 041 1 $aita$hfre 082 04$a271 100 1 $aVerger, Jacques,$d1943-$0(OLS)http://pul/name/12444 240 10$aBernard-Abélard: ou le cloître et l'école.$lItaliano.$0(OLS)http://pul/title/21871 245 10$aBernardo e Abelardo :$bil chiostro e la scuola /$cJacques Verger, Jean Jolivet ; editoriale di Costante Marabelli. 250 $aSeconda edizione 260 $aMilano :$bJaca Book,$c2002. 300 $axvii, 219 p. ;$c23 cm 490 1 $aBiblioteca di cultura medievale 490 1 $aDi fronte e attraverso ;$v225 504 $aBibliografia in nota. 600 04$aBernardus,$cs., abate di Clairvaux,$d1091-1153.$0(OLS)http://pul/subject/662 600 14$aAbaelardus, Petrus,$d1079-1142.$0(OLS)http://pul/subject/3036 650 4$aMedioevo$xStoria.$0(OLS)http://pul/subject/1431 700 1 $aJolivet, Jean,$d1925-$0(OLS)http://pul/name/3629 700 1 $aMarabelli, Costante.$0(OLS)http://pul/name/1869 830 0$aBiblioteca di cultura medievale.$0(OLS)http://pul/title/2253 830 0$aDi fronte e attraverso ;$v225.$0(OLS)http://pul/title/138 850 $aPUL 852 $aPUL$W1$xSL Religione 3$y85$m271 COLL 1.225$j143281$qDDC 21$B142316$CPULBib$Z2$F142316 $H115456 $82 941 1 $a9 960 $aAbelard, Peter$d1079-1142$93036 960 $aAbelardo, Pietro,$d1079-1142$93036 996 $6020$a88-16-40225-3$9(OLS)http://pul/number/19445 996 $6082$a271$9(OLS)http://pul/classification/284 996 $6245$aBernardo e Abelardo :$bil chiostro e la scuola$9(OLS)http://pul/title/21872 996 $6260$aMilano :$bJaca Book$9(OLS)http://pul/publisher/47900 LEADER 01635nam a2200361 a 4500 001 000000168202 003 CaOOAMICUS 005 20180613104711.0 008 180613s2017 it u000 u ita r 020 $a978-88-389-3695-1* 032 $aLibriCat 040 $aPUL$bita 082 04$a111.85 100 1 $aLipovetsky, Gilles.$0(OLS)http://pul/name/86243 240 12$aL'esthétisation du monde.$lItaliano.$0(OLS)http://pul/title/208442 245 12$aL'estetizzazione del mondo :$bvivere nell'era del capitalismo artistico /$cGilles Lipovetsky, Jean Serroy ; prefazione di Gianni Puglisi ; traduzione di Andrea Inzerillo. 260 $aPalermo :$bSellerio,$c©2017. 300 $a361 p. ;$c21 cm. 490 1 $aLe parole e le cose ;$v32 504 $aBibliografia in nota. 650 4$aEstetica moderna$ySec. XX.$0(OLS)http://pul/subject/8237 700 1 $aSerroy, Jean.$0(OLS)http://pul/name/108318 700 1 $aPuglisi, Gianni.$0(OLS)http://pul/name/108319 700 1 $aInzerillo, Andrea.$0(OLS)http://pul/name/108320 830 3$aLe parole e le cose ;$v32.$0(OLS)http://pul/title/208444 850 $aPUL 852 $aPUL$W1$xSL Filosofia 3$y81$m111. 85 LIPGI 1$j191753$qDDC 21$B196084$CPULBib$Z2$F196084 $H131009 $81 941 1 $a9 996 $6020$a978-88-389-3695-1*$9(OLS)http://pul/number/164314 996 $6082$a111.85$9(OLS)http://pul/classification/2049 996 $6245$aL'estetizzazione del mondo :$bvivere nell'era del capitalismo artistico$9(OLS)http://pul/title/208443 996 $6260$aPalermo :$bSellerio$9(OLS)http://pul/publisher/66919